|
|
|
|
| LEADER |
00984nam a2200229 a 4500 |
| 001 |
870935 |
| 008 |
090517s1984 enk b 001 0 eng d |
| 020 |
|
|
|a 0946688311
|
| 082 |
0 |
4 |
|a 636
|2 19
|
| 100 |
1 |
|
|a Bartlett, Jane.
|
| 245 |
|
|
|a Animal draught technology :
|b an annotated bibliography /
|c Jane Bartlett and David Gibbon.
|
| 260 |
|
|
|a London :
|b Overseas Development Group of the University of East Anglia, IT Publications,
|c 1984.
|
| 300 |
|
|
|a iv, 76, [14] p. ;
|c 21 cm.
|
| 504 |
|
|
|a Includes indexes.
|
| 541 |
1 |
|
|e 00004851
|
| 650 |
0 |
|
|a Draft animals
|x Bibliography.
|
| 650 |
0 |
|
|a Working animals
|x Technological innovations
|x Bibliography.
|
| 650 |
0 |
|
|a Domestic animals
|x Bibliography.
|
| 700 |
1 |
|
|a Gibbon, David P.
|
| 852 |
4 |
|
|a Ayesha Abed Library
|j General shelf
|
| 999 |
|
|
|c 8970
|d 8970
|
| 952 |
|
|
|0 0
|1 0
|2 ddc
|4 0
|6 636_BAR_198400000000000
|7 0
|9 11048
|a BRACUL
|b BRACUL
|c GEN
|d 2010-06-17
|g 0.00
|l 0
|o 636 BAR
|p 3010004851
|r 2010-06-17
|t 1
|w 2010-06-17
|y BK
|z Not price in Register
|